000 00720nam a2200217 a 4500
001 BRCA_456
005 20190320203023.0
008 141005s1987----mx-a---###---#000-0#spa-#
020 _a9686177108
050 4 _aN6553
_b.G95 1987
100 1 _aGual, Enrique F.
_d1907-1973
_91565
245 1 0 _aEl arte de estudiar el arte
_cEnrique F. Gual ; presentación Luis Ortiz Macedo.
260 _aMéxico
_bINBA : Pangea
_c1987
300 _a164 p.
_c21 cm.
500 _a2do. ejemplar en el Área de Investigación
650 1 4 _aArte mexicano
_vEnsayos
_xHistoria
_91566
650 1 4 _aArte
_vEnsayos
_xHistoria
_91567
650 1 4 _aArtes decorativas
_vEnsayos
_xHistoria
_91568
700 1 _aOrtiz Macedo, Luis
_91569
942 _2lcc
_cB
999 _c391
_d391